| 000 | 00732cab a22002175a 4500 | ||
|---|---|---|---|
| 001 | L143170 | ||
| 008 | 080414e20080409xxk f 000 0 eng d | ||
| 035 | _a(Sirsi) u143170 | ||
| 041 | 0 | _aeng | |
| 110 | 2 |
_aNetRegs _95113 |
|
| 245 | 0 | 0 |
_aSite Waste Management Plans _bQ and A |
| 260 | _c2008 | ||
| 490 | 0 |
_aContract Journal _v442(6670) 9 April 2008, 22-23(2) |
|
| 520 | _aExplains how to create a Site Waste Management Plan (SWMP) in nine simple steps. Includes a brief background to SWMPs and some key site waste facts. | ||
| 590 | _aKA | ||
| 650 | 2 | 4 | _aSITE WASTE MANAGEMENT PLANS |
| 651 | 4 |
_aEngland _y886- |
|
| 690 | _aBUILT ENVIRONMENT | ||
| 690 | _aENVIRONMENTAL AND LAND CONSULTANCY-WASTE MANAGEMENT | ||
| 942 | _n0 | ||
| 999 |
_c80078 _d80078 |
||